Johannis Baptista Ferrari, Senensis, Orationes : quibus, accessere Pleiades, sive, Orationes septem varii argumenti.

Bibliographic Details
Main Author: Ferrari, Giovanni Battista, 1584-1655
Format: Microform Book
Language:Latin
Published: London : Ex officina Johannis Redmayne, MDCLXVIII [1668]
Series:Early English books, 1641-1700 ; 1034:18.
Subjects:

MARC

Tag First Indicator Second Indicator Subfields
LEADER 00000cam a2200000 a 4500
001 in00000881821
005 20150923154757.0
007 hd afv---baca
007 hd bfv---baaa
008 860513r19801668miu a 00010 lat d
035 |a (OCoLC)13564071 
035 |9 AEM0452AM 
037 |a CL0037000034  |b University Microfilms International 
037 |b University Microfilms International, 300 N. Zeeb Rd., Ann Arbor, MI 48106 
040 |a EAF  |c EAF  |d UtOrBLW 
049 |a TXAI 
090 |a BV4820  |b .F47 
099 |a film   |a  B   |a  3609 
100 1 |a Ferrari, Giovanni Battista,  |d 1584-1655. 
245 1 0 |a Johannis Baptista Ferrari, Senensis, Orationes :  |b quibus, accessere Pleiades, sive, Orationes septem varii argumenti. 
264 1 |a London :  |b Ex officina Johannis Redmayne,  |c MDCLXVIII [1668] 
300 |a 6 unnumbered pages, 240 pages, 4 unnumbered pages 
336 |a text  |b txt  |2 rdacontent 
337 |a microform  |b h  |2 rdamedia 
338 |a microfilm reel  |b hd  |2 rdacarrier 
500 |a "Pleiades ... " has special title page. 
500 |a Contains allegorical frontispiece. 
500 |a Reproduction of original in the Cambridge University Library. 
510 4 |a Wing  |c F813 
533 |a Microfilm.  |b Ann Arbor, Mich. :  |c University Microfilms International,  |d 1980  |e 1 microfilm reel ; 35 mm.  |f (Early English books, 1641-1700 : 1034:18) 
500 |a Microform. 
650 0 |a Meditations. 
730 0 |a Pleiades, sive, Orationes septem varii argumenti. 
740 0 |a Orationes. 
830 0 |a Early English books, 1641-1700 ;  |v 1034:18. 
999 |a MARS 
999 f f |s 4ddf2a9f-1dc0-3451-bc85-9172f7fbd873  |i 1a41efc6-9399-3936-936d-87d50172268d  |t 0 
952 f f |p default  |a Texas A&M University  |b College Station  |c Sterling C. Evans Library  |d Evans: Microforms (3rd floor)  |t 0  |e film B 3609 1034:18  |h Other scheme  |i microform -- microfilm reel 
998 f f |a film B 3609 1034:18  |t 0  |l Evans: Microforms (3rd floor)